000 01168nam a2200337Ia 4500
003 OSt
005 20221007120907.0
006 a|||||r|||| 00| 0
007 ta
008 221006b |||||||| |||| 00| 0 eng d
020 _a9780123741844 (hbd)
024 _a80954
037 _b379, 13/03/2008, Ashutosh Technical Books
_cTextual
040 _aBDL
_cBDL
_beng
041 _2eng
_aeng
082 _aI23, P8 Carb
100 _aAvery Simon V
_9710180
245 0 _aStress in yeasts and filamentous fungi
_b Stratford Malcolm West Pieter van
260 _aAmsterdam
_bElservier
_c2008
300 _axii, 311p.
_ccm.
490 _aBritish mycological society symposia series
500 _aIncludes bibliographical references.; Index 307-311p.
650 _a Filamentous fungi
_9710181
650 _a Fungi
_9427887
650 _a Yeasts
_9710182
650 _aComputer Science
700 _a Stratford Malcolm
_9710183
700 _a West Pieter van
_9710184
942 _hI23, P8 Carb
_cTEXL
_2CC
999 _c1208153
_d1208153